000 00584nam a22002417a 4500
003 UA-OsUOA
001 23422
007 ta
008 20040121b un ||||| |||| 00| 0 ukr d
100 _aШвырев В.С,
090 _a130.122
_bШ35
942 _cBK
040 _aUA-OsUOA
_brus
_cUA-OsUOA
_dUA-OsUOA
245 _aНаучное познание как деятельность
300 _a232 с.
955 _a0
041 _arus
080 _a130.122
260 _aМосква
_bПолитиздат
_c1984
044 _aRU
650 7 _2UDC
999 _c309669
_d309669